<?xml version="1.0" encoding="UTF-8"?>
<record
    xmlns:xsi="http://www.w3.org/2001/XMLSchema-instance"
    xsi:schemaLocation="http://www.loc.gov/MARC21/slim http://www.loc.gov/standards/marcxml/schema/MARC21slim.xsd"
    xmlns="http://www.loc.gov/MARC21/slim">

  <leader>01340njm a22002897a 4500</leader>
  <controlfield tag="005">20100903122130.0</controlfield>
  <controlfield tag="006">a|||||r|||||00| 0 </controlfield>
  <controlfield tag="007">sd ammalaaahaa</controlfield>
  <controlfield tag="008">100901t        xxu||||| |||| 00| 0 eng d</controlfield>
  <datafield tag="028" ind1=" " ind2=" ">
    <subfield code="a">N.52496</subfield>
    <subfield code="b">His Master 's Voice</subfield>
  </datafield>
  <datafield tag="035" ind1=" " ind2=" ">
    <subfield code="a">GR-00471</subfield>
  </datafield>
  <datafield tag="040" ind1=" " ind2=" ">
    <subfield code="a">SED</subfield>
    <subfield code="c">SED</subfield>
  </datafield>
  <datafield tag="100" ind1=" " ind2=" ">
    <subfield code="a">Mangeshkar,Lata</subfield>
    <subfield code="9">17816</subfield>
  </datafield>
  <datafield tag="245" ind1=" " ind2=" ">
    <subfield code="a">Mehndi /</subfield>
    <subfield code="c">sung by Lata Mangeshkar;Music Ravi,Lyric Kamil Rashid</subfield>
    <subfield code="h">[Sound Recording]:</subfield>
  </datafield>
  <datafield tag="246" ind1=" " ind2=" ">
    <subfield code="a">&#x932;&#x924;&#x93E;  &#x92E;&#x902;&#x917;&#x947;&#x936;&#x915;&#x930; ;&#x92E;&#x94D;&#x92F;&#x942;&#x91C;&#x93F;&#x915;  &#x930;&#x935;&#x93F; ,&#x932;&#x94D;&#x92F;&#x94D;&#x930;&#x93F;&#x915;  &#x915;&#x93E;&#x92E;&#x93F;&#x932;  &#x930;&#x936;&#x940;&#x926; </subfield>
  </datafield>
  <datafield tag="260" ind1=" " ind2=" ">
    <subfield code="a">Dum Dum, India:</subfield>
    <subfield code="b">His Master 's Voice</subfield>
    <subfield code="c">n.d.</subfield>
  </datafield>
  <datafield tag="300" ind1=" " ind2=" ">
    <subfield code="a">1 sound Disc [GramaphoneRecording] :</subfield>
    <subfield code="b">analog, 33 1/3 rpm ;</subfield>
    <subfield code="c">9.5 in (MP)</subfield>
    <subfield code="f">Gramaphone Records</subfield>
  </datafield>
  <datafield tag="500" ind1=" " ind2=" ">
    <subfield code="a">Brief Record</subfield>
  </datafield>
  <datafield tag="505" ind1=" " ind2=" ">
    <subfield code="a">1&#x92F;&#x939;&#x947;  &#x905;&#x92B;&#x938;&#x93E;&#x928;&#x93E; &#x928;&#x939;&#x940;&#x902; &#x939;&#x947; (&#x92E;&#x947;&#x939;&#x901;&#x926;&#x940;),&#x936;&#x94D;&#x930;&#x93F;&#x926;&#x947;&#x968; &#x92F;&#x939;&#x947; &#x905;&#x92B;&#x938;&#x93E;&#x928;&#x93E; &#x928;&#x939;&#x940;&#x902; &#x939;&#x947; (&#x92E;&#x947;&#x939;&#x901;&#x926;&#x940; )1,yhe Afsana nahi he (Mehndi),Side2 yhe Afsana nahi he (Mehndi)</subfield>
  </datafield>
  <datafield tag="650" ind1=" " ind2=" ">
    <subfield code="a">Motion Picture Music</subfield>
    <subfield code="x">Excerpts</subfield>
    <subfield code="z">India</subfield>
    <subfield code="9">17817</subfield>
  </datafield>
  <datafield tag="700" ind1=" " ind2=" ">
    <subfield code="a"> Ravi,</subfield>
    <subfield code="9">18029</subfield>
  </datafield>
  <datafield tag="700" ind1=" " ind2=" ">
    <subfield code="a">Rashid,Kamil </subfield>
    <subfield code="9">18080</subfield>
  </datafield>
  <datafield tag="700" ind1=" " ind2=" ">
    <subfield code="a"> Vyas,Bharat</subfield>
    <subfield code="9">18054</subfield>
  </datafield>
  <datafield tag="700" ind1=" " ind2=" ">
    <subfield code="a">Majrooh</subfield>
    <subfield code="9">18030</subfield>
  </datafield>
  <datafield tag="942" ind1=" " ind2=" ">
    <subfield code="2">ddc</subfield>
    <subfield code="c">GR</subfield>
  </datafield>
  <datafield tag="999" ind1=" " ind2=" ">
    <subfield code="c">43552</subfield>
    <subfield code="d">43552</subfield>
  </datafield>
  <datafield tag="952" ind1=" " ind2=" ">
    <subfield code="0">0</subfield>
    <subfield code="1">0</subfield>
    <subfield code="2">ddc</subfield>
    <subfield code="4">0</subfield>
    <subfield code="7">1</subfield>
    <subfield code="8">NFIC</subfield>
    <subfield code="a">L</subfield>
    <subfield code="b">L</subfield>
    <subfield code="d">2010-09-03</subfield>
    <subfield code="e">SED/VEN</subfield>
    <subfield code="l">0</subfield>
    <subfield code="p">GR-00471</subfield>
    <subfield code="r">2010-09-03 00:00:00</subfield>
    <subfield code="t">1</subfield>
    <subfield code="w">2010-09-03</subfield>
    <subfield code="y">GR</subfield>
  </datafield>
</record>
